000 00356nam a22001337a 4500
082 _a954.03
_bTOC
100 _aNoor, Edward
_950360
245 _aNarrative of the operaions of Captain John Little,
_cNoor, Edward
260 _aLondon
_c1794
300 _axv, 524.p:
526 _a0
_b0
_c0
_d954_030000000000000_TOC
650 _aMCE
_9379
942 _2ddc
_cBK
999 _c553083
_d553083